00829cam a22002653a 450000100090000000300040000900500170001300800410003001000170007102000240008803500230011204000280013505000240016310000190018724500760020626000350028230000280031749000410034550000320038652100070041852600080042565500310043370000370046471000620050116409847OSt20140407131805.0950110s1995 nyua j 000 1 eng d a 97817346  a0590481142 (pbk.) : a(OCoLC)ocm31793222 aEOWcEOWdSLCdOCLdDLC00aPZ 7b.D121b12 19951 aDadey, Debbie.10aCupid doesn't flip hamburgers /cDebbie Dadey and Marcia Thornton Jones aNew York :bScholastic,c1995. a76 p. :bill. ;c20 cm.1 aAdventures of the Bailey School kids a"A Little Apple paperback." aG4 c600 7aYoung adult fiction.2lcsh1 aJones, Marciaq(Marcia Thornton)2 aCopyright Paperback Collection (Library of Congress)5DLC